000
00270nam a2200133Ia 4500
100
_a
Cameron/Edward A.
942
_c
BK
654
_a
Algebra
245
_a
Algebra & Trigonometry
260
_b
Holt
_a
Newyork
_c
1960
300
_a
290
546
_a
ENGLISH
999
_c
24826
_d
24826